[Event "Ïåðâåíñòâî Ìîñêâû ïî øàõìàòàì"]
[Site "Ìîñêâà, ÌÃÈÌÎ ïð. Âåðíàäñêîãî,"]
[Date "2018.11.18"]
[Round "1.1"]
[White "Áàõòèíà, Àíàñòàñèÿ."]
[Black "Êèð÷åé, Âèêòîðèÿ."]
[Result "0-1"]
[WhiteElo "1405"]
[BlackElo "2002"]
[PlyCount "62"]
[EventDate "2018.11.18"]

1. d4 d5 2. Bg5 c6 3. c4 Bf5 4. Nc3 h6 5. Bh4 Qb6 6. Qb3 Qxb3 7. axb3 e6 8. Nf3
Na6 9. Bg3 Nf6 10. Bf4 Nd7 11. c5 g5 12. Bg3 Nb4 13. Kd2 Nc2 14. Ra4 b5 15. Ra6
g4 16. e4 Nb4 17. Ra5 dxe4 18. Ne5 Rd8 19. Nxb5 Bxc5 20. Nc7+ Ke7 21. Nxd7 Bxd4
22. Ke1 Rxd7 23. Bc4 Nc2+ 24. Ke2 Bb6 25. Ra6 Bxc7 26. Rxc6 Nd4+ 27. Ke3 Nxc6
28. Bh4+ f6 29. Bb5 Bb6+ 30. Kf4 Nd4 31. Re1 Nxb5 0-1

[Event "Ïåðâåíñòâî Ìîñêâû ïî øàõìàòàì"]
[Site "Ìîñêâà, ÌÃÈÌÎ ïð. Âåðíàäñêîãî,"]
[Date "2018.11.18"]
[Round "1.2"]
[White "Êàñàåâà, Ñîôèÿ."]
[Black "Ëîáàíîâà, Ìèëàíà."]
[Result "1-0"]
[WhiteElo "1874"]
[BlackElo "1461"]
[PlyCount "95"]
[EventDate "2018.11.18"]

1. e4 e6 2. d4 d5 3. Nd2 Nf6 4. e5 Nfd7 5. Bd3 c5 6. c3 Nc6 7. Ne2 cxd4 8. cxd4
Qb6 9. Nf3 Bb4+ 10. Bd2 f6 11. exf6 Nxf6 12. O-O O-O 13. Bxb4 Nxb4 14. Bb1 Bd7
15. a3 Nc6 16. b3 Rac8 17. Re1 Ne7 18. Ne5 Nf5 19. Bxf5 exf5 20. Nxd7 Nxd7 21.
Nf4 Qd6 22. Qf3 Nf6 23. Ne6 Rfe8 24. Qxf5 Rc6 25. Ng5 Rxe1+ 26. Rxe1 Qf8 27. h3
h6 28. Ne6 Qc8 29. Qe5 Rc1 30. Nc5 Rxe1+ 31. Qxe1 Ne4 32. Nxe4 dxe4 33. Qxe4
Qc1+ 34. Kh2 Qxa3 35. Qe6+ Kh7 36. f4 Qc1 37. Qe4+ Kh8 38. d5 Qa3 39. b4 Qc3
40. d6 Qc8 41. f5 Qc1 42. Qd4 Qc8 43. Qe5 Qd7 44. Qe6 Qc6 45. f6 gxf6 46. Qxf6+
Kh7 47. Qf7+ Kh8 48. Qc7 1-0

[Event "Ïåðâåíñòâî Ìîñêâû ïî øàõìàòàì"]
[Site "Ìîñêâà, ÌÃÈÌÎ ïð. Âåðíàäñêîãî,"]
[Date "2018.11.18"]
[Round "1.3"]
[White "Ïëàòóùèõèíà, Äàðüÿ."]
[Black "Çâåðåâà, Ìàðãàðèòà."]
[Result "0-1"]
[WhiteElo "1226"]
[BlackElo "1787"]
[PlyCount "86"]
[EventDate "2018.11.18"]

1. e4 c5 2. d4 cxd4 3. c3 dxc3 4. Nxc3 Nc6 5. Nf3 d6 6. Bc4 e6 7. O-O Be7 8.
Qe2 Nf6 9. Rd1 e5 10. h3 O-O 11. Bg5 Be6 12. Bb5 Qc7 13. Rac1 a6 14. Bxc6 bxc6
15. Bxf6 Bxf6 16. Nd5 Bxd5 17. exd5 c5 18. b4 Rfd8 19. Qc4 Be7 20. Ne1 Qd7 21.
Nd3 cxb4 22. Nxb4 Bg5 23. Rc2 Rdc8 24. Nc6 f5 25. Qb4 e4 26. Qd4 Re8 27. Re1
Qf7 28. Qb4 Qxd5 29. Qb7 Qf7 30. Qb4 d5 31. Qd6 Qe6 32. Qg3 Bf6 33. Rec1 d4 34.
Nb4 Be5 35. Qa3 a5 36. Rc6 Qf7 37. Na6 d3 38. Qxa5 Bf4 39. Rd1 Rec8 40. Rxc8+
Rxc8 41. Qa3 d2 42. Nc5 Re8 43. Nb3 Qh5 0-1

[Event "Ïåðâåíñòâî Ìîñêâû ïî øàõìàòàì"]
[Site "Ìîñêâà, ÌÃÈÌÎ ïð. Âåðíàäñêîãî,"]
[Date "2018.11.18"]
[Round "1.4"]
[White "Êðóïíîâà, Àííà."]
[Black "Âîðîâèöêàÿ, Àíàñòàñèÿ."]
[Result "1-0"]
[WhiteElo "1759"]
[BlackElo "1256"]
[PlyCount "91"]
[EventDate "2018.11.18"]

1. Nf3 Nf6 2. g3 g6 3. Bg2 Bg7 4. O-O O-O 5. c4 Nc6 6. d4 d5 7. cxd5 Qxd5 8.
Ne5 Qxd4 9. Nxc6 Qxd1 10. Nxe7+ Kh8 11. Rxd1 Be6 12. Bxb7 Rad8 13. Nc3 Rxd1+
14. Nxd1 Rd8 15. Nc3 Bh3 16. Bf4 Nh5 17. Nc6 Re8 18. Be3 Nf6 19. Rd1 Nd7 20.
Nxa7 Nb6 21. Bc6 Rb8 22. Bf4 Nc4 23. Nab5 h5 24. Bxc7 Rg8 25. b3 Ne5 26. Bg2
Bf5 27. Rd8 Nd7 28. a4 Nc5 29. b4 Na6 30. Rxg8+ Kxg8 31. Bd6 Bc8 32. Nd5 Bf8
33. Ne7+ Bxe7 34. Bxe7 Nb8 35. Nd6 Bd7 36. b5 Be6 37. a5 Nd7 38. Bc6 Kg7 39.
Bxd7 Bxd7 40. b6 Bc6 41. a6 f5 42. b7 Bd5 43. b8=Q Kh7 44. Bf6 g5 45. Qh8+ Kg6
46. Qg7# 1-0

[Event "Ïåðâåíñòâî Ìîñêâû ïî øàõìàòàì"]
[Site "Ìîñêâà, ÌÃÈÌÎ ïð. Âåðíàäñêîãî,"]
[Date "2018.11.18"]
[Round "1.5"]
[White "Ïðîõèíà, Óëüÿíà."]
[Black "Ìèõàéëèíà, Åëåíà."]
[Result "0-1"]
[WhiteElo "1249"]
[BlackElo "1736"]
[PlyCount "156"]
[EventDate "2018.11.18"]

1. e4 c5 2. Nf3 e6 3. c4 Nc6 4. Be2 Be7 5. O-O d6 6. d4 cxd4 7. Nxd4 Nxd4 8.
Qxd4 Bf6 9. Qe3 Qc7 10. Nc3 a6 11. Rd1 Ne7 12. Qg3 Nc6 13. Qxd6 Qxd6 14. Rxd6
Nd4 15. Bd1 Be5 16. Rb6 Bc7 17. Rb4 O-O 18. c5 Nc6 19. Rc4 Rd8 20. Be3 Bd7 21.
Ne2 Ne5 22. Rc3 Bc6 23. f3 Ba5 24. Rcc1 Bd2 25. Bxd2 Rxd2 26. Rc2 Rad8 27. Nc3
Nc4 28. b4 Ne3 29. Rxd2 Rxd2 30. g3 h6 31. Bb3 Nc2 32. Rb1 Nxb4 33. Bxe6 fxe6
34. Rxb4 Rd3 35. Ne2 Rxf3 36. Nd4 Ra3 37. Nxc6 bxc6 38. Rb6 Rxa2 39. Rxc6 Kf7
40. Rc7+ Kf6 41. c6 Rc2 42. Rc8 Ke5 43. c7 Kd6 44. Ra8 Rxc7 45. Rxa6+ Ke5 46.
Kf2 Rc2+ 47. Kg1 Rc4 48. Ra7 Kf6 49. e5+ Kg6 50. Re7 Rc6 51. h4 Kh7 52. Kf2 Kg8
53. Kf3 h5 54. Kf4 Kf8 55. Rd7 Rc5 56. Ke4 Rc1 57. Rd3 Kf7 58. Rf3+ Kg6 59. Rf4
Re1+ 60. Kd4 Rd1+ 61. Ke4 Rg1 62. Kf3 Re1 63. Re4 Rf1+ 64. Ke3 Ra1 65. Kf4 Rf1+
66. Ke3 Re1+ 67. Kf4 Ra1 68. Re3 Ra4+ 69. Re4 Ra3 70. Re3 Rxe3 71. Kxe3 Kf5 72.
Kf3 Kxe5 73. g4 g6 74. g5 Kf5 75. Ke3 Kg4 76. Ke4 Kxh4 77. Kf4 e5+ 78. Kf3 Kxg5
0-1

[Event "Ïåðâåíñòâî Ìîñêâû ïî øàõìàòàì"]
[Site "Ìîñêâà, ÌÃÈÌÎ ïð. Âåðíàäñêîãî,"]
[Date "2018.11.18"]
[Round "1.7"]
[White "Äâîåãëàçîâà, Äàðüÿ."]
[Black "Î÷èðîâà, Àíèòà."]
[Result "1/2-1/2"]
[WhiteElo "1247"]
[BlackElo "1554"]
[PlyCount "122"]
[EventDate "2018.11.18"]

1. e4 c6 2. d4 d5 3. e5 Bf5 4. h4 h5 5. Bd3 Bxd3 6. Qxd3 e6 7. Nf3 Nd7 8. Nc3
Ne7 9. Bd2 Nf5 10. O-O-O a6 11. Bg5 Be7 12. Rdg1 c5 13. g4 hxg4 14. Rxg4 cxd4
15. Ne2 Bxg5+ 16. Rxg5 Qa5 17. Nexd4 Nxd4 18. Qxd4 Qxa2 19. Rhg1 g6 20. Qg4 Nf8
21. c3 Qc4 22. Nd4 O-O-O 23. h5 Nh7 24. hxg6 Nxg5 25. g7 Rhg8 26. Qxg5 Kb8 27.
Qf6 Rc8 28. Rg4 Qf1+ 29. Kc2 Qh3 30. Rh4 Qg2 31. Qxf7 Rxg7 32. Qf4 Qg6+ 33. Kc1
Rgg8 34. Rh6 Qg1+ 35. Kc2 Rg4 36. Qe3 Re4 37. Qd2 Rxe5 38. Nf3 Qg7 39. Qf4 Ka8
40. Nxe5 Rf8 41. Qe3 Rxf2+ 42. Qxf2 Qxh6 43. Kb3 Qg7 44. Qd4 Qg8 45. Nd7 Qe8
46. Qa4 Qh5 47. Nc5 Qd1+ 48. Ka2 Qxa4+ 49. Nxa4 Kb8 50. Nc5 e5 51. Kb1 Kc7 52.
Kc2 Kc6 53. Nb3 b5 54. Kd3 b4 55. c4 e4+ 56. Kd4 dxc4 57. Na5+ Kb5 58. Nxc4 a5
59. Nd2 a4 60. Nxe4 a3 61. bxa3 bxa3 1/2-1/2

[Event "Ïåðâåíñòâî Ìîñêâû ïî øàõìàòàì"]
[Site "Ìîñêâà, ÌÃÈÌÎ ïð. Âåðíàäñêîãî,"]
[Date "2018.11.18"]
[Round "1.8"]
[White "Ïàðñåãÿí, Êñåíèÿ."]
[Black "Äåíùèê, Àëåêñàíäðà."]
[Result "1-0"]
[WhiteElo "1533"]
[BlackElo "1228"]
[PlyCount "169"]
[EventDate "2018.11.18"]

1. d4 d5 2. c4 c6 3. Nc3 e6 4. Nf3 Bd6 5. cxd5 exd5 6. Bg5 Ne7 7. e3 h6 8. Bh4
O-O 9. Bd3 Bg4 10. O-O Nd7 11. Rc1 Qc7 12. h3 Bh5 13. Bxe7 Bxe7 14. Nxd5 Qd6
15. Nxe7+ Qxe7 16. Be2 Rad8 17. Qc2 Nf6 18. Rfd1 Rfe8 19. Ne5 Bxe2 20. Qxe2 Nd5
21. Qc4 Nc7 22. b4 Rd5 23. a4 Red8 24. b5 Nxb5 25. axb5 Rxb5 26. Nxc6 bxc6 27.
Qxc6 Rb6 28. Qc7 Rd7 29. Qc8+ Rd8 30. Qc5 Qf6 31. Rc2 Rdb8 32. Ra1 Rb1+ 33.
Rxb1 Rxb1+ 34. Kh2 Rf1 35. Qxa7 Rxf2 36. Qa8+ Kh7 37. Rxf2 Qxf2 38. Qe4+ Kg8
39. d5 Qf6 40. Qe8+ Kh7 41. Qd7 Qe5+ 42. g3 Qxe3 43. Qxf7 Qe2+ 44. Kg1 Qd1+ 45.
Kg2 Qd2+ 46. Kf3 Qd1+ 47. Ke4 Qe1+ 48. Kd4 Qg1+ 49. Kc4 Qc1+ 50. Kb5 Qb2+ 51.
Kc6 Qc3+ 52. Kd7 Qxg3 53. Qf5+ Kg8 54. d6 Qa3 55. Ke7 Qb4 56. Qe6+ Kh7 57. Kf7
Qf4+ 58. Ke8 Qa4+ 59. d7 Qb5 60. Kf7 Qh5+ 61. Kf8 Qf3+ 62. Ke8 Qh5+ 63. Qf7
Qe5+ 64. Qe7 Qh5+ 65. Kd8 Qa5+ 66. Kc8 Qa6+ 67. Kc7 Qc4+ 68. Kd6 Qd4+ 69. Kc6
Qa4+ 70. Kd5 Qb5+ 71. Ke6 Qe2+ 72. Kd6 Qd3+ 73. Kc6 Qa6+ 74. Kc7 Qc4+ 75. Kd8
Qb5 76. Qe4+ Kh8 77. Qa8 Kh7 78. Qa7 Qc6 79. Ke7 Qf6+ 80. Ke8 Qe6+ 81. Kd8 Qc6
82. Qd4 Kg8 83. Ke7 Qc7 84. Qd5+ Kh7 85. Ke8 1-0

[Event "Ïåðâåíñòâî Ìîñêâû ïî øàõìàòàì"]
[Site "Ìîñêâà, ÌÃÈÌÎ ïð. Âåðíàäñêîãî,"]
[Date "2018.11.18"]
[Round "1.9"]
[White "Ñîáëèðîâà, Ñàáèíà."]
[Black "Âåòîõèíà, Ñîôüÿ."]
[Result "1-0"]
[WhiteElo "1412"]
[BlackElo "1595"]
[PlyCount "139"]
[EventDate "2018.11.18"]

1. d4 Nf6 2. Nf3 g6 3. Nc3 d5 4. Bf4 Bg7 5. e3 O-O 6. Be2 c5 7. Ne5 Nc6 8. O-O
Ne8 9. Na4 cxd4 10. Nxc6 bxc6 11. exd4 Nd6 12. Nc5 Nb7 13. Nxb7 Bxb7 14. c3 Qb6
15. Qb3 f6 16. Qxb6 axb6 17. Bc7 b5 18. Bb6 e5 19. Rfd1 Rfe8 20. Bd3 e4 21. Bc2
f5 22. Bb3 f4 23. Rd2 Bh6 24. Re2 Bc8 25. f3 e3 26. Bc2 Re7 27. a3 Rf7 28. Bc5
Bg5 29. a4 bxa4 30. Rxa4 Rxa4 31. Bxa4 Ba6 32. Re1 Rc7 33. g3 fxg3 34. hxg3 e2
35. f4 Bh6 36. Kf2 g5 37. Bd6 Rc8 38. Kf3 gxf4 39. gxf4 Kf7 40. Bc2 Bf8 41. Be5
h5 42. Ke3 Bg7 43. Bd3 Bxe5 44. Bxa6 Ra8 45. Bxe2 Bd6 46. Bxh5+ Kf6 47. Kf3 Ra2
48. b4 Rc2 49. Re3 Rc1 50. Bg4 Rf1+ 51. Ke2 Rxf4 52. Re6+ Kf7 53. Rxd6 Rxg4 54.
Rxc6 Ke7 55. Kd2 Kd7 56. Rc5 Kd6 57. Kc2 Rg7 58. Kb3 Ra7 59. b5 Ra5 60. Rc6+
Kd7 61. Kb4 Ra2 62. Kc5 Ra5 63. Kb6 Ra3 64. Kb7 Rb3 65. b6 Rb2 66. Rc7+ Kd6 67.
Ka7 Ra2+ 68. Kb8 Ra3 69. b7 Rb3 70. Kc8 1-0

[Event "Ïåðâåíñòâî Ìîñêâû ïî øàõìàòàì"]
[Site "Ìîñêâà, ÌÃÈÌÎ ïð. Âåðíàäñêîãî,"]
[Date "2018.11.18"]
[Round "1.10"]
[White "Ïåõîòî, Àëåêñàíäðà."]
[Black "Îñèï÷óê, Ëèäèÿ."]
[Result "0-1"]
[WhiteElo "1150"]
[BlackElo "1154"]
[PlyCount "126"]
[EventDate "2018.11.18"]

1. e4 e5 2. Nf3 Nc6 3. d4 exd4 4. Nxd4 Nf6 5. Nxc6 dxc6 6. Qxd8+ Kxd8 7. e5 Nd5
8. Bc4 Bc5 9. Bg5+ Be7 10. Bxe7+ Kxe7 11. Nd2 Be6 12. O-O-O b5 13. Bb3 a5 14.
Bxd5 cxd5 15. Nb3 a4 16. Nc5 b4 17. Rhe1 Ra7 18. Rd4 Rb8 19. f4 Rb5 20. Nxe6
fxe6 21. Kb1 c5 22. Rd3 c4 23. Rg3 Kf7 24. Rf3 Rab7 25. f5 b3 26. cxb3 cxb3 27.
axb3 Rxb3 28. Rxb3 Rxb3 29. g4 Rb4 30. h3 a3 31. Ka2 axb2 32. Rb1 Re4 33. Rxb2
Rxe5 34. Rb7+ Kf6 35. fxe6 Rxe6 36. Rd7 Re5 37. Kb3 Re3+ 38. Kc2 Rxh3 39. Rxd5
Rg3 40. Rh5 h6 41. Rf5+ Kg6 42. Rf4 Kg5 43. Rf7 g6 44. Rg7 Rxg4 45. Kd3 Rf4 46.
Ke3 Rf6 47. Ke4 Ra6 48. Kf3 Kh4 49. Re7 g5 50. Re1 g4+ 51. Kf4 Rf6+ 52. Ke5 Kg5
53. Rg1 h5 54. Rh1 Rf8 55. Rg1 h4 56. Ke4 g3 57. Ke3 Kg4 58. Ke2 h3 59. Rf1
Rxf1 60. Kxf1 Kf3 61. Kg1 h2+ 62. Kh1 g2+ 63. Kxh2 Kf2 0-1

[Event "Ïåðâåíñòâî Ìîñêâû ïî øàõìàòàì"]
[Site "Ìîñêâà, ÌÃÈÌÎ ïð. Âåðíàäñêîãî,"]
[Date "2018.11.18"]
[Round "1.13"]
[White "Çîíòîâà, Îëüãà."]
[Black "Ìàéîðîâà, Âàðâàðà."]
[Result "0-1"]
[WhiteElo "1022"]
[BlackElo "1294"]
[PlyCount "74"]
[EventDate "2018.11.18"]

1. e4 c5 2. Nf3 e6 3. d4 cxd4 4. Nxd4 a6 5. Nc3 Qc7 6. g3 b5 7. a3 Bb7 8. Bg2
Nf6 9. O-O d6 10. Bg5 Be7 11. Rc1 Nbd7 12. Nb3 O-O 13. Re1 Rac8 14. h4 h6 15.
Be3 Ne5 16. Bf4 Nc4 17. Rb1 Nxb2 18. Rxb2 Qxc3 19. Rb1 e5 20. Bd2 Qxc2 21. Qxc2
Rxc2 22. Bb4 Rfc8 23. Na5 Ba8 24. Rbd1 Ne8 25. Bh3 Rd8 26. f4 exf4 27. gxf4
Bxh4 28. Rf1 Bxe4 29. f5 Bg5 30. Nb3 Be3+ 31. Rf2 Rxf2 32. f6 Rd2+ 33. Kf1 Bd3+
34. Ke1 Re2+ 35. Kf1 Rh2+ 36. Ke1 Rh1+ 37. Bf1 Rxf1# 0-1

[Event "Ïåðâåíñòâî Ìîñêâû ïî øàõìàòàì"]
[Site "Ìîñêâà, ÌÃÈÌÎ ïð. Âåðíàäñêîãî,"]
[Date "2018.11.18"]
[Round "1.14"]
[White "Àí÷èêîâà, Îëüãà."]
[Black "Ïîáåäèìîâà, Àíàñòàñèÿ."]
[Result "0-1"]
[WhiteElo "1341"]
[BlackElo "1192"]
[PlyCount "136"]
[EventDate "2018.11.18"]

1. d4 d5 2. c4 e6 3. Nc3 Nf6 4. Bg5 Be7 5. cxd5 exd5 6. e3 c6 7. Bd3 O-O 8. Qc2
h6 9. Bh4 Re8 10. Nf3 Bd6 11. O-O Bg4 12. Be2 Nbd7 13. h3 Bh5 14. a3 Qc7 15. b4
a6 16. Rab1 Bg6 17. Bd3 Bxd3 18. Qxd3 Ne4 19. Rfc1 Nxc3 20. Rxc3 Nf8 21. Qf5
Ng6 22. a4 Re4 23. Qh5 b5 24. a5 Rc8 25. Rb2 Qd7 26. Rcc2 Qe6 27. Rc3 Bb8 28.
Rbc2 Qd6 29. Bg3 Qxb4 30. Bxb8 Rxb8 31. Rxc6 Rd8 32. Rc8 Ree8 33. Qg4 Qxa5 34.
R2c7 Qb6 35. Ne5 Nxe5 36. dxe5 Rxc8 37. Rxc8 Rd8 38. Qd7 Rxc8 39. Qxc8+ Kh7 40.
Qd7 Qe6 41. Qb7 Kg8 42. Qb8+ Kh7 43. Qb7 Qxe5 44. Qxa6 Qe8 45. Qb7 Kg8 46. Qxd5
Qb8 47. Qb3 b4 48. g3 Qb5 49. h4 Qc5 50. Kg2 Qc3 51. Qd5 Qc2 52. Qd8+ Kh7 53.
Qe8 b3 54. Qa4 Qc3 55. Qe4+ Kg8 56. Qe8+ Kh7 57. Qe4+ g6 58. Qe7 Qc4 59. Qa3
Qc3 60. Kh3 Qc2 61. g4 b2 62. Qe7 Qb3 63. h5 b1=Q 64. hxg6+ Qxg6 65. f4 Qd1 66.
Kh2 Qdxg4 67. Qxf7+ Qxf7 68. Kh1 Qfh5# 0-1

[Event "Ïåðâåíñòâî Ìîñêâû ïî øàõìàòàì"]
[Site "Ìîñêâà, ÌÃÈÌÎ ïð. Âåðíàäñêîãî,"]
[Date "2018.11.19"]
[Round "2.2"]
[White "Mayorova, Varvara"]
[Black "Kasaeva, Sofiya"]
[Result "0-1"]
[WhiteElo "1294"]
[BlackElo "1874"]
[PlyCount "70"]
[EventDate "2018.11.18"]

1. d4 Nf6 2. Nf3 d5 3. c4 c6 4. Qc2 dxc4 5. Qxc4 Bf5 6. g3 e6 7. Bg2 Nbd7 8.
O-O Nb6 9. Qb3 Qd5 10. Qxd5 exd5 11. a3 Bd6 12. Nc3 O-O 13. b3 Bc2 14. Nd2 Rfe8
15. Ra2 Bf5 16. Nf3 Rac8 17. Bg5 Ne4 18. Nxe4 dxe4 19. Nd2 Nd5 20. Nc4 Bf8 21.
Rc1 f6 22. Bd2 Rcd8 23. Ne3 Nxe3 24. Bxe3 Be6 25. Rc3 f5 26. Kf1 Rd7 27. Ra1 a5
28. f3 Bf7 29. fxe4 fxe4 30. Bf2 Rd5 31. a4 Bb4 32. Rc2 Rf5 33. e3 Bxb3 34.
Rcc1 Ref8 35. Bxe4 Rxf2+ 0-1

[Event "Ïåðâåíñòâî Ìîñêâû ïî øàõìàòàì"]
[Site "Ìîñêâà, ÌÃÈÌÎ ïð. Âåðíàäñêîãî,"]
[Date "2018.11.19"]
[Round "2.3"]
[White "Zvereva, Margarita"]
[Black "Soblirova, Sabina"]
[Result "1-0"]
[WhiteElo "1787"]
[BlackElo "1412"]
[PlyCount "65"]
[EventDate "2018.11.18"]

1. e4 e6 2. d4 d5 3. Nc3 Nf6 4. e5 Nfd7 5. f4 c5 6. Nf3 Nc6 7. Be3 Qb6 8. Na4
Qa5+ 9. c3 b6 10. Bd2 c4 11. b4 Qb5 12. a3 a5 13. Be2 Be7 14. O-O O-O 15. Qc2
f5 16. Kh1 Rf7 17. Rg1 Qa6 18. Qb2 b5 19. Nc5 Nxc5 20. bxc5 a4 21. Rab1 Rb8 22.
g4 Na5 23. Bd1 Nb3 24. Be3 Qc6 25. Qg2 Rb7 26. gxf5 exf5 27. e6 Qxe6 28. Ne5
Bf6 29. Bf3 Rbd7 30. Nxd7 Bxd7 31. Bxd5 Qxe3 32. Bxf7+ Kxf7 33. Rbe1 1-0

[Event "Ïåðâåíñòâî Ìîñêâû ïî øàõìàòàì"]
[Site "Ìîñêâà, ÌÃÈÌÎ ïð. Âåðíàäñêîãî,"]
[Date "2018.11.19"]
[Round "2.4"]
[White "Osipchyuk, Lidiya"]
[Black "Krupnova, Anna"]
[Result "0-1"]
[WhiteElo "1154"]
[BlackElo "1759"]
[PlyCount "70"]
[EventDate "2018.11.18"]

1. e4 c5 2. Nf3 e6 3. d4 cxd4 4. Nxd4 a6 5. Nc3 Qc7 6. Be2 Nf6 7. O-O Be7 8.
Kh1 O-O 9. f4 d6 10. f5 Nc6 11. Nxc6 bxc6 12. Qe1 d5 13. Bd3 Bd6 14. Qh4 exf5
15. exf5 Be7 16. Bf4 Qd8 17. Qh3 c5 18. Rad1 Bb7 19. Qf3 Qb6 20. Qe3 Rfe8 21.
Qf2 d4 22. Na4 Qc6 23. b3 Bd6 24. Bxd6 Qxd6 25. c3 Ng4 26. Qf4 Qxf4 27. Rxf4
Ne3 28. Rg1 dxc3 29. Nxc3 Rad8 30. Be4 Rd4 31. Re1 Bxe4 32. Rxe3 Bxg2+ 33. Kxg2
Rxe3 34. Rf3 Rxf3 35. Kxf3 Rd3+ 0-1

[Event "Ïåðâåíñòâî Ìîñêâû ïî øàõìàòàì"]
[Site "Ìîñêâà, ÌÃÈÌÎ ïð. Âåðíàäñêîãî,"]
[Date "2018.11.19"]
[Round "2.6"]
[White "Pobedimova, Anastasiya"]
[Black "Gaer, Margarita"]
[Result "0-1"]
[WhiteElo "1192"]
[BlackElo "1672"]
[PlyCount "76"]
[EventDate "2018.11.18"]

1. e4 e6 2. d4 d5 3. e5 c5 4. c3 Nc6 5. f4 Qb6 6. Nf3 Nh6 7. Bd3 cxd4 8. cxd4
Bd7 9. Bc2 Nb4 10. Nc3 Nxc2+ 11. Qxc2 Nf5 12. Qd3 Be7 13. O-O O-O 14. Kh1 Rac8
15. Rd1 Rc7 16. b3 Rfc8 17. Bb2 Bb4 18. Rdc1 Qa5 19. Ne2 Bb5 20. Rxc7 Rxc7 21.
Qd1 Ne3 22. Qg1 Nc2 23. Ng3 Nxa1 24. Qxa1 Ba3 25. Qb1 Bxb2 26. Qxb2 Bd3 27. b4
Qa4 28. a3 Qd1+ 29. Ng1 Rc1 30. Qf2 Ra1 31. h3 Rxa3 32. Kh2 Qb3 33. Qd2 Bc4 34.
N3e2 Ra2 35. Qe1 Qe3 36. Qg3 Rxe2 37. Nxe2 Qxe2 38. Qa3 Qa2 0-1

[Event "Ïåðâåíñòâî Ìîñêâû ïî øàõìàòàì"]
[Site "Ìîñêâà, ÌÃÈÌÎ ïð. Âåðíàäñêîãî,"]
[Date "2018.11.19"]
[Round "2.8"]
[White "Ochirova, Anita"]
[Black "Pekhoto, Alexandra"]
[Result "1-0"]
[WhiteElo "1554"]
[BlackElo "1150"]
[PlyCount "49"]
[EventDate "2018.11.18"]

1. e4 e6 2. d3 d5 3. Nd2 Nc6 4. Ngf3 Bc5 5. c3 dxe4 6. dxe4 Nf6 7. h3 O-O 8.
Qc2 e5 9. g3 b6 10. Bg2 Bb7 11. O-O Qe7 12. Re1 Rad8 13. b4 Bd6 14. a4 Rfe8 15.
Nc4 Nxb4 16. cxb4 Bxb4 17. Ba3 Bxa3 18. Nxa3 c5 19. Nc4 Ba6 20. Ncxe5 Qc7 21.
Qc3 Nd7 22. Nxd7 Rxd7 23. Bf1 Bxf1 24. Kxf1 Qc6 25. Ne5 1-0

[Event "Ïåðâåíñòâî Ìîñêâû ïî øàõìàòàì"]
[Site "Ìîñêâà, ÌÃÈÌÎ ïð. Âåðíàäñêîãî,"]
[Date "2018.11.19"]
[Round "2.9"]
[White "Vetokhina, Sof'ya"]
[Black "Dvoeglazaya, Dar'ya"]
[Result "1-0"]
[WhiteElo "1595"]
[BlackElo "1247"]
[PlyCount "81"]
[EventDate "2018.11.18"]

1. d4 d5 2. c4 e6 3. g3 Nf6 4. Bg2 Nc6 5. Nf3 b6 6. O-O Be7 7. Nc3 Bb7 8. b3
O-O 9. Bb2 dxc4 10. bxc4 Na5 11. Qd3 Ba6 12. Ne5 Rc8 13. Nb5 c5 14. Nxa7 Rc7
15. Nac6 Nxc6 16. Nxc6 Qd6 17. Ba3 Rxc6 18. Bxc6 Qxc6 19. Qf3 Qxf3 20. exf3
Bxc4 21. Rfc1 Bd5 22. dxc5 Bxf3 23. Rc3 Be4 24. cxb6 Bxa3 25. Rxa3 Rb8 26. f3
Bd5 27. Rb1 Nd7 28. b7 Bxb7 29. Rd3 Nc5 30. Rc3 Na6 31. Rxb7 Rd8 32. Rc2 g6 33.
Kf2 Kg7 34. Rb6 Nb8 35. Rcb2 Nd7 36. Rd6 Kf6 37. Rbd2 Ke7 38. a4 f5 39. a5 e5
40. a6 e4 41. a7 1-0

[Event "Ïåðâåíñòâî Ìîñêâû ïî øàõìàòàì"]
[Site "Ìîñêâà, ÌÃÈÌÎ ïð. Âåðíàäñêîãî,"]
[Date "2018.11.19"]
[Round "2.10"]
[White "Shevtsova, Stefaniya"]
[Black "Prokhina, Ul'yana"]
[Result "1-0"]
[WhiteElo "1501"]
[BlackElo "1249"]
[PlyCount "71"]
[EventDate "2018.11.18"]

1. e4 c5 2. c3 d5 3. exd5 Qxd5 4. d4 e6 5. Nf3 Nf6 6. Be3 cxd4 7. cxd4 Nc6 8.
Be2 Be7 9. O-O O-O 10. Nc3 Qd8 11. a3 Nd5 12. Nxd5 Qxd5 13. Rc1 Bf6 14. Bc4 Qd6
15. Qd2 a6 16. Rfd1 b5 17. Ba2 Bb7 18. d5 exd5 19. Bxd5 Qc7 20. Bxc6 Bxc6 21.
Nd4 Bxd4 22. Bxd4 Qb7 23. Qg5 f6 24. Qg3 Rae8 25. Bc5 Rf7 26. Rd6 Rfe7 27. Be3
Re6 28. Rcxc6 Qxc6 29. Rxc6 Rxc6 30. h4 Re5 31. h5 Rc4 32. h6 g6 33. Qf3 Kf7
34. Qb7+ Re7 35. Qxa6 Rcc7 36. Qxb5 1-0

[Event "Ïåðâåíñòâî Ìîñêâû ïî øàõìàòàì"]
[Site "Ìîñêâà, ÌÃÈÌÎ ïð. Âåðíàäñêîãî,"]
[Date "2018.11.19"]
[Round "2.11"]
[White "Vorovitskaya, Anastasiya"]
[Black "Anchikova, Ol'ga"]
[Result "0-1"]
[WhiteElo "1256"]
[BlackElo "1341"]
[PlyCount "104"]
[EventDate "2018.11.18"]

1. e4 e6 2. d4 d5 3. Nc3 Nf6 4. e5 Nfd7 5. Nf3 c5 6. Be3 Nc6 7. Be2 Be7 8. O-O
b6 9. Bb5 Qc7 10. Re1 a6 11. Bf1 b5 12. Qd2 cxd4 13. Bxd4 Nxd4 14. Qxd4 O-O 15.
Bd3 Bb7 16. Qg4 Rfd8 17. Ng5 g6 18. Qh4 Bxg5 19. Qxg5 b4 20. Nd1 Qc5 21. Ne3
Qf8 22. Ng4 Qg7 23. Re3 a5 24. Rh3 h5 25. Nf6+ Nxf6 26. exf6 Qh8 27. g4 Kf8 28.
gxh5 gxh5 29. Qxh5 Qxf6 30. Qh8+ Qxh8 31. Rxh8+ Ke7 32. Rxd8 Rxd8 33. f3 d4 34.
Kf2 Rh8 35. Rh1 f5 36. h4 Kf6 37. Rh2 e5 38. b3 e4 39. fxe4 Bxe4 40. Kg3 Ke5
41. h5 Rh6 42. Kf2 Kf6 43. Bxe4 fxe4 44. Rh4 Kf5 45. Ke2 Ke5 46. Kd2 Kd5 47.
Ke2 Rc6 48. Kd2 e3+ 49. Kd3 Rc3+ 50. Ke2 Rxc2+ 51. Kd1 e2+ 52. Kxc2 e1=Q 0-1

[Event "Ïåðâåíñòâî Ìîñêâû ïî øàõìàòàì"]
[Site "Ìîñêâà, ÌÃÈÌÎ ïð. Âåðíàäñêîãî,"]
[Date "2018.11.19"]
[Round "2.13"]
[White "Lobanova, Milana"]
[Black "Zontova, Ol'ga"]
[Result "1-0"]
[WhiteElo "1461"]
[BlackElo "1022"]
[PlyCount "63"]
[EventDate "2018.11.18"]

1. c4 e5 2. e4 Nf6 3. d3 Bc5 4. h3 Nc6 5. g3 d6 6. Bg2 Be6 7. Ne2 Qd7 8. Nbc3
a6 9. a3 Nd4 10. b4 Bb6 11. Nd5 Bxd5 12. exd5 Nxe2 13. Qxe2 Bd4 14. Bb2 Bxb2
15. Qxb2 O-O 16. O-O Rfe8 17. Rfe1 Rad8 18. d4 e4 19. Qc2 Qf5 20. f3 Qg6 21.
fxe4 Qxg3 22. Qf2 Qxf2+ 23. Kxf2 Re7 24. e5 dxe5 25. dxe5 Nd7 26. d6 cxd6 27.
exd6 Re6 28. Rxe6 fxe6 29. Bxb7 Ne5 30. c5 Rf8+ 31. Ke2 Kf7 32. Rf1+ 1-0

[Event "Ïåðâåíñòâî Ìîñêâû ïî øàõìàòàì"]
[Site "Ìîñêâà, ÌÃÈÌÎ ïð. Âåðíàäñêîãî,"]
[Date "2018.11.19"]
[Round "2.14"]
[White "Denchik, Alexandra"]
[Black "Platuchikhina, Dar'ya"]
[Result "1/2-1/2"]
[WhiteElo "1228"]
[BlackElo "1226"]
[PlyCount "82"]
[EventDate "2018.11.18"]

1. c4 Nf6 2. Nf3 e6 3. g3 d5 4. e3 Be7 5. Nc3 Nc6 6. d4 b6 7. cxd5 exd5 8. Bb5
Bd7 9. Ne5 Nxe5 10. dxe5 Bxb5 11. exf6 Bb4 12. Qb3 Bxc3+ 13. bxc3 Bc4 14. fxg7
Rg8 15. Qa4+ b5 16. Qa6 Rxg7 17. Qc6+ Kf8 18. e4 Rg6 19. Qc5+ Qd6 20. Qxd6+
cxd6 21. exd5 Bxd5 22. O-O Rc8 23. a4 Rxc3 24. axb5 Bc4 25. Re1 Re6 26. Rxe6
fxe6 27. Bh6+ Kg8 28. Rxa7 Bxb5 29. Rg7+ Kh8 30. Rg5 Rc1+ 31. Kg2 Bf1+ 32. Kf3
Rc3+ 33. Kg4 Rc7 34. Ra5 Bg2 35. Ra6 Rd7 36. f3 Rd8 37. Ra7 Rg8+ 38. Kf4 Rg6
39. Ra8+ Rg8 40. Ra6 Rg6 41. Ra8+ Rg8 1/2-1/2

[Event "Ïåðâåíñòâî Ìîñêâû ïî øàõìàòàì"]
[Site "Ìîñêâà, ÌÃÈÌÎ ïð. Âåðíàäñêîãî,"]
[Date "2018.11.19"]
[Round "3.1"]
[White "Krupnova, Anna"]
[Black "Kirchey, Viktoriya"]
[Result "0-1"]
[WhiteElo "1759"]
[BlackElo "2002"]
[PlyCount "110"]
[EventDate "2018.11.18"]

1. d4 d5 2. c4 e6 3. g3 c6 4. Bg2 Nf6 5. Nf3 Bd6 6. O-O O-O 7. Nc3 Nbd7 8. Nd2
dxc4 9. Nxc4 Bb4 10. e4 Nb6 11. Ne3 Qe7 12. e5 Nfd5 13. Ne4 f5 14. a3 fxe4 15.
axb4 Nxb4 16. Bxe4 c5 17. dxc5 Nd7 18. Qh5 g6 19. Bxg6 hxg6 20. Qxg6+ Kh8 21.
Ra4 a5 22. Bd2 b5 23. Raa1 Bb7 24. Bxb4 axb4 25. Rxa8 Bxa8 26. Qh6+ Qh7 27.
Qxe6 Nxc5 28. Qd6 Nd7 29. Qd4 Bf3 30. e6+ Nf6 31. Qxb4 Kg7 32. Qe7+ Kg8 33.
Qxh7+ Kxh7 34. Rc1 Kg6 35. Ng2 Bxg2 36. Kxg2 Ng4 37. Rc2 Rf6 38. Re2 Rf8 39. h3
Nf6 40. Re5 b4 41. f4 Rc8 42. Re2 Nd5 43. Kf3 Kf6 44. g4 Rh8 45. Kg3 Rxh3+ 46.
Kxh3 Nxf4+ 47. Kg3 Nxe2+ 48. Kf3 Nc1 49. Ke3 b3 50. Kd2 Na2 51. Kd3 Kxe6 52.
Kc4 Nc1 53. Kd4 Kf6 54. Kc3 Kg5 55. Kd2 Na2 0-1

[Event "Ïåðâåíñòâî Ìîñêâû ïî øàõìàòàì"]
[Site "Ìîñêâà, ÌÃÈÌÎ ïð. Âåðíàäñêîãî,"]
[Date "2018.11.19"]
[Round "3.2"]
[White "Kasaeva, Sofiya"]
[Black "Mikhaylina, Elena"]
[Result "1/2-1/2"]
[WhiteElo "1874"]
[BlackElo "1736"]
[PlyCount "120"]
[EventDate "2018.11.18"]

1. e4 c5 2. Nf3 e6 3. d4 cxd4 4. Nxd4 Nc6 5. Nc3 d6 6. Be2 Be7 7. Be3 Nf6 8.
O-O O-O 9. f4 a6 10. Kh1 Qc7 11. Qe1 b5 12. Nxc6 Qxc6 13. e5 Nd5 14. Bf3 Bb7
15. Nxd5 exd5 16. c3 Rad8 17. Bd4 dxe5 18. fxe5 Bc8 19. Rd1 Be6 20. Qg3 Kh8 21.
Be2 Rc8 22. Bd3 Qd7 23. Bb1 g6 24. Bd3 Qd8 25. Qe3 Bg5 26. Qe2 Kg8 27. Qf2 Bh4
28. Qf3 Be7 29. Qe2 Qd7 30. Qc2 Bg4 31. Be2 Bf5 32. Qd2 Be6 33. Bd3 Bg4 34. Ra1
Bc5 35. Qf2 Qa7 36. Bxc5 Qxc5 37. Qg3 Be6 38. Rf4 Kg7 39. Qg5 Qb6 40. Qf6+ Kg8
41. Rh4 Qd8 42. Bxg6 Qxf6 43. Bxh7+ Kg7 44. exf6+ Kxf6 45. Rf1+ Ke7 46. Bf5 Rh8
47. Bxe6 fxe6 48. Rxh8 Rxh8 49. h3 Rh4 50. Kh2 Re4 51. Rf2 b4 52. cxb4 Rxb4 53.
g4 e5 54. g5 e4 55. Kg3 e3 56. Re2 d4 57. Kf3 Rb8 58. Ke4 Rd8 59. Kd3 Kf7 60.
h4 Kg6 1/2-1/2